[Event "Gibraltar Open"]
[Site "Caleta ENG"]
[Date "2012.01.30"]
[Round "7.117"]
[White "Lochte, Szilvia"]
[Black "Puroila, Sippo"]
[Result "1-0"]
[WhiteElo "1956"]
[BlackElo "1906"]
[WhiteFideId "708410"]
[BlackFideId "504572"]
[EventDate "2012.01.24"]

1. d4 Nf6 2. Bf4 g6 3. e3 Bg7 4. Nf3 d6 5. Be2 Nbd7 6. O-O O-O 7. c4 c5 8. Nc3
cxd4 9. exd4 Qb6 10. b3 Re8 11. h3 a6 12. Rc1 e5 13. Be3 Qa5 14. Qc2 Nf8 15.
Rfd1 Bf5 16. Qd2 Rad8 17. d5 Qc7 18. Nh2 Bc8 19. g4 h5 20. Kg2 N8h7 21. Rg1 hxg4
22. hxg4 Qe7 23. Rh1 Nd7 24. Nf3 f6 25. Rh2 Ndf8 26. Rch1 Bxg4 27. Nh4 Bxe2 28.
Qxe2 f5 29. Nxg6 Nxg6 30. Rxh7 f4 31. Qh5 Qf7 32. Bb6 Rd7 33. Ne4 f3+ 34. Qxf3
Nf4+ 35. Kf1 Qg6 36. Rg1 Kxh7 37. Rxg6 Kxg6 38. Qg4+ 1-0

[Event "Gibraltar Open"]
[Site "Caleta ENG"]
[Date "2012.01.30"]
[Round "7.118"]
[White "Riiser, Samuel"]
[Black "Johnsen, Kjell Magne"]
[Result "0-1"]
[WhiteElo "1827"]
[BlackElo "1950"]
[WhiteFideId "1509470"]
[BlackFideId "1505319"]
[EventDate "2012.01.24"]

1. d4 Nf6 2. c4 c5 3. d5 b5 4. cxb5 a6 5. bxa6 g6 6. Nc3 Bxa6 7. Nf3 d6 8. g3
Bg7 9. Bg2 Nfd7 10. O-O Nb6 11. Rb1 N8d7 12. Re1 O-O 13. e4 Nc4 14. Bd2 Nde5 15.
b3 Na3 16. Ra1 Nd3 17. Re3 c4 18. Ne1 Rc8 19. Nxd3 cxd3 20. Rc1 Nc2 21. Rxc2
dxc2 22. Qxc2 Bd4 23. Rf3 Be2 24. Rf4 Be5 25. Rh4 Ba6 26. g4 Qa5 27. Rh3 Rc7 28.
Be1 Rfc8 29. Qc1 Bg7 30. e5 Bxe5 31. Qh6 Rxc3 32. Qxh7+ Kf8 33. Bxc3 Bxc3 34.
Rxc3 Qxc3 35. Qh8+ Qxh8 0-1

[Event "Gibraltar Open"]
[Site "Caleta ENG"]
[Date "2012.01.30"]
[Round "7.121"]
[White "Neumanova, Monika"]
[Black "Frey, Matthias"]
[Result "0-1"]
[WhiteElo "1696"]
[BlackElo "1941"]
[WhiteFideId "323918"]
[BlackFideId "1315030"]
[EventDate "2012.01.24"]

1. d4 Nf6 2. c4 g6 3. Nc3 Bg7 4. e4 d6 5. f3 O-O 6. Be3 Nbd7 7. Nh3 e5 8. d5 a5
9. Nf2 Nh5 10. Qd2 f5 11. exf5 gxf5 12. Bh6 Nc5 13. O-O-O Bd7 14. g4 Nf4 15. g5
a4 16. Ne2 a3 17. bxa3 Nxe2+ 18. Qxe2 Rxa3 19. Nd3 Nxd3+ 20. Rxd3 Qa8 21. Rd2
Rc3+ 22. Kd1 Qa3 23. Qf2 Re3 24. Rc2 Rxf3 25. Qg2 Ba4 26. Ke1 Bxc2 27. Qxc2 Qc3+ 0-1

[Event "Gibraltar Open"]
[Site "Caleta ENG"]
[Date "2012.01.30"]
[Round "7.127"]
[White "Kazmierczak, Ewa"]
[Black "Savage, Neil"]
[Result "0-1"]
[WhiteElo "1477"]
[BlackElo "1645"]
[WhiteFideId "1154877"]
[BlackFideId "14304783"]
[EventDate "2012.01.24"]

1. e4 c5 2. Nc3 d6 3. g3 g6 4. Bg2 Bg7 5. d3 Nc6 6. Be3 e6 7. Nge2 Nge7 8. O-O
Rb8 9. Qd2 O-O 10. Bh6 b5 11. Bxg7 Kxg7 12. Nd1 Bb7 13. Ne3 b4 14. d4 cxd4 15.
Nxd4 Qd7 16. Rad1 Ba6 17. Rfe1 Rfd8 18. Nxc6 Nxc6 19. Ng4 Qe7 20. h4 Ne5 21.
Nxe5 dxe5 22. Qe3 Bb5 23. c3 bxc3 24. Qxc3 f6 25. Bh3 Rdc8 26. Qe3 Rc2 27. Qb3
Qc5 28. Qe3 Qxe3 29. Rxe3 Rxb2 30. Bxe6 a6 31. Kg2 Rc2 32. Ree1 Ba4 33. Rb1 Rd8
34. Rb7+ Kh8 35. Rf7 Rdd2 36. Rxf6 Rc6 37. Rf8+ Kg7 38. Re8 Rcc2 39. Ra8 Rxf2+
40. Kh3 h5 41. Rh1 Bb5 42. Rc8 Bf1+ 0-1

[Event "Gibraltar Open"]
[Site "Caleta ENG"]
[Date "2012.01.31"]
[Round "8.11"]
[White "Parligras, Mircea-Emilian"]
[Black "Rapport, Richard"]
[Result "0-1"]
[WhiteTitle "GM"]
[BlackTitle "GM"]
[WhiteElo "2650"]
[BlackElo "2543"]
[WhiteFideId "1204297"]
[BlackFideId "738590"]
[EventDate "2012.01.24"]

1. d4 Nf6 2. c4 g6 3. Nc3 Bg7 4. e4 d6 5. Nf3 O-O 6. h3 Na6 7. Bg5 Qe8 8. g4 c5
9. Bg2 Bd7 10. O-O cxd4 11. Nxd4 Rc8 12. b3 h5 13. Bxf6 Bxf6 14. gxh5 Rc5 15.
hxg6 fxg6 16. Nd5 Bg7 17. Rc1 e6 18. Ne3 Rh5 19. Nb5 Be5 20. Ng4 Bf4 21. Nxd6
Qe7 22. Rc3 e5 23. Nb5 Rh7 24. Rd3 Be6 25. Rd6 Kh8 26. Qe2 Rh4 27. f3 Nc5 28.
Rfd1 Qg5 29. b4 Bxg4 30. fxg4 Be3+ 31. Kh1 Nxe4 0-1

[Event "Gibraltar Open"]
[Site "Caleta ENG"]
[Date "2012.01.31"]
[Round "8.12"]
[White "Del Rio De Angelis, Salvador G."]
[Black "Gustafsson, Jan"]
[Result "1/2-1/2"]
[WhiteTitle "GM"]
[BlackTitle "GM"]
[WhiteElo "2531"]
[BlackElo "2643"]
[WhiteFideId "2203138"]
[BlackFideId "4625498"]
[EventDate "2012.01.24"]

1. d4 Nf6 2. c4 e6 3. Nc3 d5 4. Bg5 c5 5. cxd5 cxd4 6. Qxd4 Be7 7. Nf3 exd5 8.
e3 Nc6 9. Qd3 O-O 10. Be2 Be6 11. O-O Qd7 12. Rad1 Rfd8 13. Qb1 h6 14. Bh4 Rac8
15. Nd4 Nxd4 16. Rxd4 Ne4 17. Bb5 Qc7 18. Bxe7 Qxe7 19. Nxe4 Bf5 20. Nf6+ Qxf6
21. Bd3 Bxd3 22. Qxd3 Qb6 23. b4 Qc6 24. e4 Qc2 25. exd5 Qxd3 26. Rxd3 Rd6 27.
Rfd1 Kf8 28. Kf1 Rc2 29. R3d2 Rxd2 30. Rxd2 1/2-1/2

[Event "Gibraltar Open"]
[Site "Caleta ENG"]
[Date "2012.01.31"]
[Round "8.14"]
[White "Fier, Alexandr"]
[Black "Salem, A.R. Saleh"]
[Result "0-1"]
[WhiteTitle "GM"]
[BlackTitle "GM"]
[WhiteElo "2603"]
[BlackElo "2505"]
[WhiteFideId "2107139"]
[BlackFideId "9301348"]
[EventDate "2012.01.24"]

1. c4 Nf6 2. Nc3 d5 3. cxd5 Nxd5 4. Nf3 g6 5. Qb3 Nb6 6. d4 Bg7 7. Bg5 O-O 8.
Rd1 h6 9. Bh4 a5 10. e3 Nc6 11. d5 Nb4 12. a3 Na6 13. Be2 Nc5 14. Qa2 Bxc3+ 15.
bxc3 Nba4 16. Rc1 c6 17. O-O g5 18. Bg3 Qxd5 19. c4 Qe4 20. Bd1 Bg4 21. Qa1 Bxf3
22. gxf3 Qe6 23. f4 f5 24. Bc2 g4 25. f3 h5 26. e4 Qf6 27. exf5 Rad8 28. fxg4
Nc3 29. g5 Ne2+ 30. Kh1 Qxa1 31. Rxa1 Rd2 32. Ra2 Nxg3+ 33. hxg3 Ne4 34. Rf3
Rfd8 35. Re3 Nf2+ 36. Kg1 Nh3+ 37. Kf1 Rf2+ 38. Ke1 Rdd2 39. Rxe7 Ng1 40. Bd1
Rxa2 41. f6 Rg2 42. Kf1 Nh3 43. Be2 Rg1# 0-1

[Event "Gibraltar Open"]
[Site "Caleta ENG"]
[Date "2012.01.31"]
[Round "8.18"]
[White "Fridman, Daniel"]
[Black "Arnold, Marc T"]
[Result "1-0"]
[WhiteTitle "GM"]
[BlackTitle "IM"]
[WhiteElo "2660"]
[BlackElo "2482"]
[WhiteFideId "11600454"]
[BlackFideId "2022320"]
[EventDate "2012.01.24"]

1. c4 Nf6 2. Nc3 e5 3. Nf3 Nc6 4. e4 Bb4 5. d3 d6 6. Be2 O-O 7. O-O h6 8. h3 Ne7
9. Be3 Ng6 10. Rc1 c5 11. a3 Bxc3 12. Rxc3 Ne8 13. Nh2 Nc7 14. Bg4 Bxg4 15. Qxg4
Qh4 16. g3 Qxg4 17. hxg4 Ne7 18. b4 b6 19. f4 f6 20. Nf3 g5 21. bxc5 bxc5 22.
Rb3 Nc6 23. Rb7 Rfc8 24. Nd2 Kg7 25. Rfb1 Nd8 26. R7b2 Nce6 27. f5 Nc7 28. Nf1
Nc6 29. Bd2 Rf8 30. Ne3 Rf7 31. Kf2 Rd8 32. Nd5 Kf8 33. Be3 Rdd7 34. Ke1 Nxd5
35. cxd5 Nd8 36. Rb8 Ke8 37. Bd2 Rb7 38. R1xb7 Rxb7 39. Ra8 Ke7 40. Kd1 Rb1+ 41.
Kc2 1-0

[Event "Gibraltar Open"]
[Site "Caleta ENG"]
[Date "2012.01.31"]
[Round "8.21"]
[White "Nezad, Husein Aziz"]
[Black "Erdos, Viktor"]
[Result "0-1"]
[WhiteTitle "IM"]
[BlackTitle "GM"]
[WhiteElo "2402"]
[BlackElo "2634"]
[WhiteFideId "12100293"]
[BlackFideId "719978"]
[EventDate "2012.01.24"]

1. d4 Nf6 2. Nf3 g6 3. Nbd2 d5 4. e3 Bg7 5. b4 O-O 6. c4 c6 7. a4 Bg4 8. Qb3
Nbd7 9. Bb2 Re8 10. h3 Bxf3 11. Nxf3 a5 12. b5 e5 13. cxd5 Nxd5 14. Bc4 exd4 15.
Bxd5 cxd5 16. Bxd4 Nc5 17. Qa3 Bxd4 18. Nxd4 Rc8 19. O-O Ne4 20. Rad1 Qe7 21.
Qxe7 Rxe7 22. Ne2 Rc4 23. Nf4 Nc3 24. Nxd5 Nxd5 25. Rxd5 Rxa4 26. b6 Ra2 27. Rb1
a4 28. Rb4 a3 29. Ra4 Re6 30. Rb5 Rf6 31. Rf4 Rxf4 32. exf4 Rb2 33. Ra5 a2 34.
Kh2 Kg7 35. Kg3 Kf6 0-1

[Event "Gibraltar Open"]
[Site "Caleta ENG"]
[Date "2012.01.31"]
[Round "8.23"]
[White "Brunello, Sabino"]
[Black "Khurtsidze, Nino"]
[Result "1-0"]
[WhiteTitle "GM"]
[BlackTitle "IM"]
[WhiteElo "2581"]
[BlackElo "2444"]
[WhiteFideId "813613"]
[BlackFideId "13600320"]
[EventDate "2012.01.24"]

1. c4 Nf6 2. Nf3 e6 3. g3 d5 4. d4 Bb4+ 5. Bd2 Be7 6. Bg2 c6 7. Qc2 Nbd7 8. O-O
b6 9. Bf4 Bb7 10. Nc3 O-O 11. Rad1 Rc8 12. Ne5 Nxe5 13. dxe5 Nd7 14. cxd5 cxd5
15. e4 dxe4 16. Bxe4 Bxe4 17. Qxe4 Qc7 18. Nb5 Nc5 19. Qf3 Qb8 20. b4 Na6 21. a3
Nc7 22. Nd4 Nd5 23. Nf5 exf5 24. Rxd5 Qa8 25. Rfd1 Rcd8 26. Qb3 Qc8 27. Rxd8
Rxd8 28. Rc1 Qd7 29. e6 Qxe6 30. Qxe6 fxe6 31. Rc7 Bd6 32. Bxd6 Rxd6 33. Rxa7 b5
34. f4 Rd3 35. Ra5 Kf7 36. Kf2 Kf6 37. h4 g6 38. Rxb5 Rxa3 39. Rb8 Kg7 40. b5
Rb3 41. b6 Kh6 42. Rb7 Rb5 43. Ke3 e5 44. fxe5 Rxe5+ 45. Kd4 Rb5 46. Kc4 Rb1 47.
Kc5 Rc1+ 48. Kb5 Rb1+ 49. Kc6 Rc1+ 50. Kd7 Kh5 51. Ra7 Rb1 52. Kc7 Kg4 53. Ra3
f4 54. gxf4 Kxh4 55. b7 Kg4 56. Ra6 Rxb7+ 57. Kxb7 Kxf4 58. Kc6 g5 59. Kd5 g4
60. Kd4 h5 61. Kd3 Kf3 62. Rf6+ Kg2 63. Ke2 h4 64. Rf2+ Kh1 65. Rf1+ Kg2 66.
Rf2+ Kh1 67. Rf1+ Kh2 68. Rf4 g3 69. Rxh4+ Kg1 70. Rg4 g2 71. Rg8 1-0

[Event "Gibraltar Open"]
[Site "Caleta ENG"]
[Date "2012.01.31"]
[Round "8.24"]
[White "Melia, Salome"]
[Black "Kulaots, Kaido"]
[Result "0-1"]
[WhiteTitle "IM"]
[BlackTitle "GM"]
[WhiteElo "2398"]
[BlackElo "2581"]
[WhiteFideId "13602446"]
[BlackFideId "4500261"]
[EventDate "2012.01.24"]

1. e4 c5 2. Nf3 d6 3. d4 cxd4 4. Nxd4 Nf6 5. Nc3 a6 6. Bg5 e6 7. f4 h6 8. Bxf6
Qxf6 9. Qd2 g5 10. f5 Nc6 11. O-O-O Nxd4 12. Qxd4 Qxd4 13. Rxd4 Bd7 14. Be2 h5
15. Rf1 Bc6 16. g4 h4 17. Bc4 Rh6 18. f6 O-O-O 19. h3 b5 20. Bb3 Kc7 21. a3 Kb6
22. Ne2 Rc8 23. Kb1 Rc7 24. Nc1 Rxf6 25. Rxf6 Bg7 26. Rxe6 fxe6 27. Rxd6 Re7 28.
Bd5 exd5 29. exd5 Kc5 30. Rxc6+ Kxd5 31. Rg6 Ke4 32. Rxg5 Kf3 33. Rd5 Kg2 34.
Rd3 Re1 35. g5 Re5 36. g6 Re6 37. Ne2 Rxe2 38. Rd7 Kxh3 39. Rxg7 Re6 40. Rg8 Kg3
41. c4 bxc4 42. g7 Rg6 43. Rc8 Rxg7 44. Rxc4 h3 45. Ka2 h2 46. Rc1 Kh3 0-1

[Event "Gibraltar Open"]
[Site "Caleta ENG"]
[Date "2012.01.31"]
[Round "8.26"]
[White "Kuipers, Stefan"]
[Black "Felgaer, Ruben"]
[Result "1-0"]
[WhiteTitle "FM"]
[BlackTitle "GM"]
[WhiteElo "2391"]
[BlackElo "2571"]
[WhiteFideId "1018400"]
[BlackFideId "107069"]
[EventDate "2012.01.24"]

1. e4 c5 2. Nf3 d6 3. d4 cxd4 4. Nxd4 Nf6 5. Nc3 g6 6. Be3 a6 7. f3 b5 8. a4 b4
9. Nd5 Nxd5 10. exd5 Bb7 11. Nb3 Bg7 12. Bd4 Bxd4 13. Qxd4 O-O 14. O-O-O Nd7 15.
Qxb4 Rb8 16. Qa5 Nb6 17. Rd4 e5 18. dxe6 fxe6 19. Qd2 d5 20. h4 e5 21. Rb4 Qc7
22. h5 Nc4 23. Bxc4 dxc4 24. hxg6 hxg6 25. Qh6 Qg7 26. Qxg7+ Kxg7 27. Rxc4 Rf7
28. Rd1 Re8 29. Nc5 Bc8 30. Ne4 Be6 31. Rc6 Ra7 32. Rdd6 1-0

[Event "Gibraltar Open"]
[Site "Caleta ENG"]
[Date "2012.01.31"]
[Round "8.28"]
[White "Berg, Emanuel"]
[Black "Alvarez Marquez, Johann"]
[Result "1/2-1/2"]
[WhiteTitle "GM"]
[BlackTitle "IM"]
[WhiteElo "2550"]
[BlackElo "2398"]
[WhiteFideId "1704060"]
[BlackFideId "3900649"]
[EventDate "2012.01.24"]

1. e4 c5 2. Nf3 d6 3. d4 cxd4 4. Nxd4 Nf6 5. Nc3 a6 6. Bg5 e6 7. f4 Qc7 8. Bxf6
gxf6 9. Qd3 Nc6 10. Be2 h5 11. O-O-O Bd7 12. Kb1 Nxd4 13. Qxd4 Be7 14. Rhf1 Qc5
15. Qd3 Rc8 16. Qg3 b5 17. Qg7 Rf8 18. e5 b4 19. exf6 bxc3 20. fxe7 Kxe7 21. f5
Qb4 22. b3 Qa3 23. Qg5+ f6 24. Qc1 Qxc1+ 25. Kxc1 e5 26. a4 Bc6 27. Bxa6 Ra8 28.
Bc4 Bxa4 29. Rf3 Bc6 30. Rxc3 Ra1+ 31. Kd2 Rxd1+ 32. Kxd1 d5 33. Be2 Kd6 34. Rg3
d4 35. c3 Be4 36. cxd4 exd4 37. Bd3 Kd5 38. Bxe4+ Kxe4 39. Rh3 Ra8 40. Rh4+ Kd3
41. Rh3+ Ke4 42. Rh4+ Kd3 43. Rh3+ Ke4 44. Rh4+ 1/2-1/2

[Event "Gibraltar Open"]
[Site "Caleta ENG"]
[Date "2012.01.31"]
[Round "8.32"]
[White "Karim, Ismael"]
[Black "Gupta, Abhijeet"]
[Result "0-1"]
[WhiteTitle "IM"]
[BlackTitle "GM"]
[WhiteElo "2405"]
[BlackElo "2652"]
[WhiteFideId "625736"]
[BlackFideId "5010608"]
[EventDate "2012.01.24"]

1. e4 e5 2. Nf3 Nc6 3. Bc4 Nf6 4. d4 exd4 5. e5 d5 6. Bb5 Ne4 7. Nxd4 Bc5 8. Be3
Bd7 9. Bxc6 bxc6 10. O-O O-O 11. Nc3 Qe7 12. Re1 Bb6 13. a4 a5 14. Nxe4 dxe4 15.
Nb3 Rad8 16. Bxb6 cxb6 17. Qd4 c5 18. Qxe4 Qe6 19. Qe3 Bc6 20. Nd2 Rd4 21. Nf3
Qg6 22. Rad1 Rfd8 23. Rxd4 Rxd4 24. b3 Rg4 25. g3 Qxc2 26. e6 f5 27. Qe5 h6 28.
e7 Re4 29. Rxe4 Qxe4 30. Qxe4 fxe4 31. Ne5 Be8 32. Nc4 Kf7 33. Nxb6 Kxe7 34. Nc4
Ke6 35. Kf1 Kd5 36. Ke2 Kd4 37. Nxa5 Kc3 38. Nb7 Kb4 39. a5 Bc6 40. Nd8 Bd5 41.
a6 Kxb3 42. a7 c4 43. Ne6 c3 44. Nd4+ Kb2 45. Kd1 g5 46. h4 g4 47. h5 Bb7 48.
Nc2 e3 49. Nxe3 Bf3+ 50. Ke1 c2 51. Nxc2 Kxc2 52. a8=Q Bxa8 53. f3 Bxf3 0-1

[Event "Gibraltar Open"]
[Site "Caleta ENG"]
[Date "2012.01.31"]
[Round "8.36"]
[White "Fenollar Jorda, Manuel"]
[Black "Al-Sayed, Mohammed"]
[Result "0-1"]
[WhiteTitle "FM"]
[BlackTitle "GM"]
[WhiteElo "2360"]
[BlackElo "2524"]
[WhiteFideId "2217104"]
[BlackFideId "12100196"]
[EventDate "2012.01.24"]

1. d4 d6 2. c4 e5 3. Nf3 e4 4. Ng5 f5 5. g3 Nf6 6. Bg2 g6 7. Nc3 Bg7 8. O-O O-O
9. Rb1 Nc6 10. d5 Ne5 11. b3 h6 12. Nh3 g5 13. f4 exf3 14. exf3 Ng6 15. f4 g4
16. Nf2 h5 17. h4 gxh3 18. Nxh3 Ng4 19. Ne2 Re8 20. Qd3 h4 21. Ng5 c6 22. Bf3
Qb6+ 23. Kg2 Ne3+ 24. Bxe3 Rxe3 25. Qd2 Bd7 26. dxc6 Bxc6 27. Bd5+ Kf8 28. Rf3
Re7 29. Ne6+ Rxe6 30. Bxe6 h3+ 31. Kxh3 Bxf3 32. Bxf5 Ke7 0-1

[Event "Gibraltar Open"]
[Site "Caleta ENG"]
[Date "2012.01.31"]
[Round "8.38"]
[White "Schiendorfer, Emanuel"]
[Black "Huschenbeth, Niclas"]
[Result "1-0"]
[WhiteTitle "FM"]
[BlackTitle "IM"]
[WhiteElo "2354"]
[BlackElo "2518"]
[WhiteFideId "1309889"]
[BlackFideId "24604747"]
[EventDate "2012.01.24"]

1. Nf3 Nf6 2. g3 d5 3. Bg2 g6 4. c4 c6 5. O-O Bg7 6. d3 O-O 7. Nc3 d4 8. Ne4
Nxe4 9. dxe4 c5 10. Ne1 Be6 11. Qc2 Nc6 12. Nd3 Nb4 13. Nxb4 cxb4 14. Bd2 Rc8
15. Bxb4 a5 16. Ba3 Bxc4 17. Qd2 b5 18. b3 Bxe2 19. Qxe2 b4 20. Rad1 bxa3 21. e5
Qb6 22. Bd5 Rfd8 23. Bc4 e6 24. Rd3 a4 25. Rfd1 axb3 26. Bxb3 Qb5 27. f4 Rc3 28.
Qe4 Qb6 29. Kg2 Rxd3 30. Rxd3 Bf8 31. g4 Bg7 32. f5 Bh6 33. fxe6 fxe6 34. Rf3
Bg7 35. h4 Qc5 36. h5 gxh5 37. Bc2 d3 38. Bxd3 Rxd3 39. Qxd3 hxg4 40. Qd8+ Bf8
41. Qg5+ Bg7 42. Qd8+ Bf8 43. Qg5+ Bg7 44. Qxg4 Qxe5 45. Qg3 Qe2+ 46. Kh3 h6 47.
Rxa3 Qf1+ 48. Kh2 Qe2+ 49. Kg1 Qd1+ 50. Kg2 Qe2+ 51. Qf2 Qg4+ 52. Rg3 Qe4+ 53.
Rf3 h5 54. Qe3 Qd5 55. a3 Bd4 56. Qd3 Kg7 57. Kh3 Kh6 58. Qd2+ Kh7 59. Qc2+ Kh6
60. Qc1+ Kh7 61. Qb1+ Kg7 62. Rg3+ Kf7 63. Qg6+ Ke7 64. Qg5+ Qxg5 65. Rxg5 Kd6
66. Rb5 Kc6 67. Rb3 e5 68. Kg3 e4 69. Kf4 e3 70. Kf3 Bc5 71. a4 h4 72. Rb1 Bb6
73. Rh1 Kb7 74. Rxh4 Ka6 75. Rh5 Kb7 76. Ke2 Ka6 77. Kd3 Kb7 78. Re5 Ka6 79. Kc4
Ba7 80. Kb4 Bd4 81. Re6+ Kb7 82. Kb5 Kc7 83. Re4 Ba7 84. Re7+ Kd6 85. Re8 Kd7
86. Re4 Kc7 87. a5 Kb7 88. Re7+ Ka8 89. Re8+ Bb8 90. Kb6 e2 91. Rxe2 Bf4 92. a6
Bb8 93. Re7 Bd6 94. Rd7 Bf4 95. a7 Be3+ 96. Ka6 Bb6 97. Rg7 Bd8 98. Rg6 1-0

[Event "Gibraltar Open"]
[Site "Caleta ENG"]
[Date "2012.01.31"]
[Round "8.39"]
[White "Gallagher, Joseph G."]
[Black "Henriksson, Johan"]
[Result "1/2-1/2"]
[WhiteTitle "GM"]
[WhiteElo "2505"]
[BlackElo "2308"]
[WhiteFideId "1303422"]
[BlackFideId "1703560"]
[EventDate "2012.01.24"]

1. e4 c6 2. d4 d5 3. e5 Bf5 4. Nc3 h5 5. Bd3 Bxd3 6. Qxd3 e6 7. Nf3 Nd7 8. O-O
Be7 9. Ne2 Nh6 10. b3 Nf5 11. c4 g6 12. Bd2 Nf8 13. Rac1 Nh7 14. Rc2 O-O 15. h3
h4 16. Bf4 Qd7 17. g4 hxg3 18. fxg3 dxc4 19. bxc4 Rfd8 20. Rd1 Nxd4 21. Nexd4 c5
22. Kg2 cxd4 23. Qe4 Qa4 24. Rxd4 Rxd4 25. Nxd4 Rd8 26. Nb3 Qa6 27. h4 Nf8 28.
Kh3 Nd7 29. Be3 b6 30. Rf2 Bc5 31. Nxc5 Nxc5 32. Qf3 Qb7 33. Qf6 Rd1 34. Bh6
Qh1+ 35. Rh2 Qf1+ 36. Qxf1 Rxf1 37. Rd2 Rf3 38. Rd8+ Kh7 39. Bf4 Rd3 40. Ra8 Rd7
41. Kg2 Kg7 42. Kf3 Nd3 43. Ke3 Nxf4 44. gxf4 Rc7 45. Kd4 Kh6 46. Rh8+ Kg7 47.
Rd8 Kh6 48. Rh8+ Kg7 49. Ra8 Kh6 50. Rh8+ 1/2-1/2

[Event "Gibraltar Open"]
[Site "Caleta ENG"]
[Date "2012.01.31"]
[Round "8.40"]
[White "Aranha Filho, Alvaro Z."]
[Black "Cabrera, Alexis"]
[Result "0-1"]
[WhiteTitle "FM"]
[BlackTitle "GM"]
[WhiteElo "2307"]
[BlackElo "2504"]
[WhiteFideId "2103931"]
[BlackFideId "3502783"]
[EventDate "2012.01.24"]

1. d4 c5 2. d5 Nf6 3. c4 e6 4. Nc3 exd5 5. cxd5 d6 6. e4 g6 7. f4 Bg7 8. Bb5+
Nfd7 9. a4 O-O 10. Nf3 Na6 11. O-O Nb4 12. Re1 a6 13. Bf1 Nf6 14. h3 Re8 15. Kh2
b6 16. g3 Ra7 17. Bg2 Rae7 18. e5 dxe5 19. d6 Re6 20. fxe5 Nd7 21. Bg5 f6 22.
exf6 Nxf6 23. Qd2 Qxd6 24. Qxd6 Rxd6 25. Rxe8+ Nxe8 26. Re1 Re6 27. Rd1 h6 28.
Bf4 g5 29. Bc1 Rd6 30. Re1 Nf6 31. Ne5 Re6 32. Nf3 Nd3 33. Rd1 Nxc1 34. Rxc1 Ne4
35. Nxg5 Nxg5 36. Bd5 Kf8 37. Bxe6 Bxe6 38. a5 bxa5 39. Ra1 Nxh3 40. Rxa5 c4 41.
Rxa6 Ng5 42. Ne4 Bd5 43. Nd6 Bxb2 44. Nxc4 Bxc4 45. Rxh6 Kg7 46. Rb6 Be5 47. Rc6
Be6 48. Ra6 Kf6 49. Kg2 Kf5 50. Ra5 Ke4 51. Ra4+ Ke3 52. Ra3+ Ke2 53. Ra5 Nf3
54. Rb5 Ne1+ 55. Kh2 Kf2 56. Kh1 Bh3 57. Kh2 Bg2 0-1

[Event "Gibraltar Open"]
[Site "Caleta ENG"]
[Date "2012.01.31"]
[Round "8.41"]
[White "Baron, Tal"]
[Black "Montero Melendez, Rafael"]
[Result "1/2-1/2"]
[WhiteTitle "GM"]
[WhiteElo "2498"]
[BlackElo "2303"]
[WhiteFideId "2809958"]
[BlackFideId "2221772"]
[EventDate "2012.01.24"]

1. e4 e5 2. Nf3 Nc6 3. Bb5 Nf6 4. O-O Nxe4 5. d4 Nd6 6. Bxc6 dxc6 7. dxe5 Nf5 8.
Qxd8+ Kxd8 9. Nc3 Bd7 10. h3 h6 11. b3 Kc8 12. Bb2 b6 13. Rad1 Ne7 14. Nd4 c5
15. Nde2 a5 16. Nf4 Nc6 17. Rfe1 Bf5 18. Nb5 a4 19. Re2 axb3 20. axb3 Ra2 21. c4
Nb4 22. Nc3 Ra8 23. Rdd2 Be7 24. Nfd5 Re8 25. g4 Bd7 26. f4 h5 27. f5 Bg5 28.
Rd1 Bd8 29. Ne4 Nc6 30. Red2 Ra2 31. Nec3 Rxb2 32. Rxb2 hxg4 33. hxg4 Rxe5 34.
Ra2 g6 35. fxg6 fxg6 36. Ra8+ Kb7 37. Rxd8 Nxd8 38. Nf6 Bxg4 39. Nxg4 Rg5 40.
Rxd8 Rxg4+ 41. Kf2 Rh4 42. Rd3 Ka6 43. Rg3 Ka5 44. Nd5 c6 45. Ne7 Rf4+ 46. Ke3
Rf6 47. Nxg6 Kb4 48. Ke4 b5 49. Ne5 Rh6 50. Kf5 Ka3 51. Re3 Kb4 52. Kg5 Rd6 53.
Rh3 Ka3 54. Kf5 Kb4 55. Re3 Rh6 56. Rd3 Ka3 57. Kg5 Re6 58. Kf5 Rh6 59. Nf7 Rh1
60. Nd8 bxc4 61. bxc4+ Kb4 62. Nxc6+ Kxc4 63. Ne5+ Kb4 64. Ke6 Rh5 65. Kd5 c4
66. Rd4 Kb3 67. Re4 c3 68. Kd4 Rxe5 1/2-1/2

[Event "Gibraltar Open"]
[Site "Caleta ENG"]
[Date "2012.01.31"]
[Round "8.43"]
[White "Chapman, Terry P D"]
[Black "Cernousek, Lukas"]
[Result "0-1"]
[BlackTitle "IM"]
[WhiteElo "2253"]
[BlackElo "2438"]
[WhiteFideId "413399"]
[BlackFideId "311707"]
[EventDate "2012.01.24"]

1. Nf3 Nf6 2. c4 g6 3. Nc3 d5 4. cxd5 Nxd5 5. e4 Nxc3 6. dxc3 Qxd1+ 7. Kxd1 f6
8. Be3 e5 9. Nd2 Be6 10. Bc4 Kf7 11. Kc2 Nd7 12. b4 a5 13. a3 Be7 14. f3 Rhb8
15. Bxe6+ Kxe6 16. Nc4 axb4 17. axb4 b5 18. Na5 Ra6 19. Nb3 Rba8 20. Rxa6+ Rxa6
21. Kb2 f5 22. h3 fxe4 23. fxe4 Nf6 24. Nd2 Rd6 25. Kc2 Rc6 26. Kb3 Rd6 27. Kc2
Ra6 28. Kb2 Nh5 29. Rf1 Ra8 30. g4 Nf6 31. Rg1 Nd7 32. Rf1 c5 33. bxc5 Bxc5 34.
Bg5 Ra4 35. h4 b4 36. h5 bxc3+ 37. Kxc3 Bb4+ 38. Kd3 Bxd2 39. Kxd2 Rxe4 40. hxg6
hxg6 41. Rg1 Nf6 42. Bxf6 Kxf6 43. Kd3 Rd4+ 44. Ke3 Kg5 45. Rf1 Kxg4 46. Rf8 g5
47. Re8 Rf4 48. Rxe5 Rf8 49. Ra5 Kh4 50. Ra1 g4 51. Ra7 Kg3 52. Ke2 Kg2 53. Re7
g3 54. Re6 Kg1 55. Rg6 g2 56. Re6 Rh8 0-1

[Event "Gibraltar Open"]
[Site "Caleta ENG"]
[Date "2012.01.31"]
[Round "8.44"]
[White "Raznikov, Danny"]
[Black "Kulkarni, Rakesh"]
[Result "1-0"]
[WhiteTitle "IM"]
[WhiteElo "2436"]
[BlackElo "2252"]
[WhiteFideId "2811154"]
[BlackFideId "5037077"]
[EventDate "2012.01.24"]

1. Nf3 Nf6 2. c4 c5 3. Nc3 Nc6 4. d4 cxd4 5. Nxd4 g6 6. e4 d6 7. Be2 Bg7 8. Be3
O-O 9. O-O Bd7 10. Nc2 Rc8 11. h3 a6 12. Rc1 Na5 13. Na3 Be6 14. b3 Nd7 15. f4
f5 16. exf5 gxf5 17. Qe1 Nc6 18. Bf3 Bf7 19. Nc2 Kh8 20. Qd2 Qa5 21. Nd4 Nxd4
22. Bxd4 e5 23. Be3 b5 24. Qxd6 Rfd8 25. Qe7 Bg8 26. Rfd1 e4 27. Rxd7 Rxd7 28.
Qxd7 Rd8 29. b4 Rxd7 30. bxa5 Bxc3 31. Rxc3 b4 32. Rc2 exf3 33. g4 Kg7 34. Kf2
Rc7 35. c5 Bd5 36. Rd2 Rd7 37. Rd4 Bc6 38. Rxb4 Rb7 39. Rb6 Rxb6 40. axb6 h5 41.
g5 Kf7 42. Ke1 Ke6 43. Kd2 Kd5 44. Kc3 Ke4 45. Bf2 Kd5 46. g6 1-0